Magnificación de tensiones por maniobras de bancos de condensadores

Na minha lista:
Detalhes bibliográficos
Autor principal: Pérez Arroyo, Heiner Alfredo
Formato: Livro
Publicado em: [San José, Costa Rica] 2008
Assuntos:
Tags: Adicionar Tag
Sem tags, seja o primeiro a adicionar uma tag!

MARC

LEADER 00000nam a2200000Ia 4500
003 010346
005 20221231144059.0
008 140114s2008 cr a 000 ||s d
040 |c cru CEDI  
090 |a TFG 5668 
100 |a Pérez Arroyo, Heiner Alfredo   |9 1952 
245 |a Magnificación de tensiones por maniobras de bancos de condensadores  
260 |c 2008  |b [San José, Costa Rica] 
300 |a xi, 76, [3] hojas; ilustraciones (algunas a color) 
500 |a Proyecto de graduación (bachillerato en ingeniería eléctrica)--Universidad de Costa Rica. Facultad de Ingeniería. Escuela Ingeniería Electrica 
650 |x CONDENSADORES ELECTRICOS   |x  SISTEMAS DE ENERGIA ELECTRICA  |x REGULADORES DE VOLTAJE  |9 4307 
942 |c TFG 
999 |c 16591  |d 16591